[Event "FSV-ch 2013"]
[Site "Dortmund"]
[Date "2013.05.23"]
[Round "7.1"]
[White "Zelt, Jens"]
[Black "Begna, Bozidar"]
[Result "1/2-1/2"]
[WhiteElo "2039"]
[BlackElo "1933"]
[PlyCount "57"]
[EventDate "2013.??.??"]

1. d4 d6 2. e3 e5 3. Bd3 Nf6 4. Nd2 g6 5. c3 Bg7 6. Ne2 c6 7. O-O O-O 8. Ng3
Nbd7 9. Re1 d5 10. dxe5 Nxe5 11. Bf1 Nfg4 12. Nf3 Qf6 13. h3 Nxf3+ 14. Qxf3
Qxf3 15. gxf3 Ne5 16. Kg2 f5 17. f4 Nf7 18. Ne2 b6 19. Kg1 Nd6 20. Bg2 Bb7 21.
Rd1 Rad8 22. Nd4 Rfe8 23. a4 a6 24. Bf1 Ne4 25. Be2 Rd6 26. Bd2 Nc5 27. Be1 Ne6
28. Nxe6 Rdxe6 29. Rab1 {(=)} 1/2-1/2

[Event "FSV-ch 2013"]
[Site "Dortmund"]
[Date "2013.05.23"]
[Round "7.2"]
[White "Schütz, Ralf"]
[Black "Lauche, Christoph"]
[Result "0-1"]
[WhiteElo "1881"]
[BlackElo "1896"]
[PlyCount "76"]
[EventDate "2013.??.??"]

1. e4 d6 2. d4 Nf6 3. Nc3 Nbd7 4. Bc4 e5 5. Nf3 h6 6. O-O c6 7. a4 Be7 8. h3
Qc7 9. a5 Nf8 10. Qd3 g5 11. Kh1 Ng6 12. Ng1 Nh5 13. g3 g4 14. f4 exd4 15. Nce2
gxh3 16. Nxd4 Rg8 17. Nge2 Bf6 18. Qf3 Ng7 19. Be3 h5 20. Bf2 Bg4 21. Qe3 h4
22. Nf5 Bxf5 23. exf5+ Ne7 24. g4 d5 25. Bd3 Kf8 26. Qc5 Ne8 27. g5 b6 28. axb6
axb6 29. Qb4 c5 30. gxf6 cxb4 31. fxe7+ Qxe7 32. Rxa8 Qb7 33. Rxe8+ Kxe8 34.
Nd4 Qc7 35. Bxh4 Rg2 36. Re1+ Kf8 37. Re5 b3 38. Be7+ Kg8 0-1

[Event "FSV-ch 2013"]
[Site "Dortmund"]
[Date "2013.05.23"]
[Round "7.3"]
[White "Jost, Udo"]
[Black "Sonntag, Joachim"]
[Result "1-0"]
[WhiteElo "1857"]
[BlackElo "1777"]
[PlyCount "145"]
[EventDate "2013.??.??"]

1. e4 d6 2. Bc4 Nf6 3. d3 e5 4. c3 Be7 5. Nf3 Nbd7 6. Bxf7+ Kxf7 7. Ng5+ Kg8 8.
Ne6 Qe8 9. Nxc7 Qd8 10. Qb3+ d5 11. Nxd5 Kf8 12. Nxe7 Qxe7 13. O-O Nc5 14. Qc2
Qd6 15. Be3 Kf7 16. Na3 Re8 17. Rad1 Ng4 18. b4 Ne6 19. Nc4 Qc7 20. Bc1 b5 21.
Na5 Kg8 22. h3 Nf6 23. Be3 Nh5 24. Kh2 Nhf4 25. Rh1 Qf7 26. f3 Ng5 27. h4 Nge6
28. d4 Qf6 29. d5 Nf8 30. Kg1 Nd7 31. a4 bxa4 32. c4 Qd6 33. c5 Qa6 34. c6 Nb6
35. Kf2 Qb5 36. Bc5 Rd8 37. c7 Rd7 38. d6 Ba6 39. Qa2+ Kh8 40. h5 Nd3+ 41. Rxd3
Qxd3 42. Qe6 Qd2+ 43. Kg3 Qf4+ 44. Kf2 Bb5 45. h6 Qd2+ 46. Kg3 Qg5+ 47. Kf2 a3
48. Be3 Qg6 49. Qxe5 Ba4 50. Nb7 Re8 51. Qc3 Rc8 52. g4 Rf7 53. hxg7+ Kg8 54.
Kg3 Rxg7 55. Rh6 Qf7 56. Nc5 Rg6 57. Rxg6+ hxg6 58. Qxa3 Qe8 59. Bh6 Kh7 60.
Qc1 Bd7 61. Bf4 Bb5 62. Qh1+ Kg8 63. Qa1 Ra8 64. Bh6 Qf7 65. e5 Bc6 66. Qd1 Re8
67. f4 Kh7 68. Bg5 Qc4 69. Qd2 Qf1 70. Qh2+ Kg8 71. Bf6 Qf3+ 72. Kh4 Kf7 73.
Kg5 1-0

[Event "FSV-ch 2013"]
[Site "Dortmund"]
[Date "2013.05.23"]
[Round "7.4"]
[White "Khess, Igor"]
[Black "Raskin, Vitali"]
[Result "1-0"]
[WhiteElo "1837"]
[BlackElo "1676"]
[PlyCount "75"]
[EventDate "2013.??.??"]

1. e4 e5 2. Nf3 Nc6 3. Bb5 a6 4. Ba4 Nf6 5. Bxc6 dxc6 6. d3 Bg4 7. h3 Bh5 8. g4
Nxg4 9. hxg4 Bxg4 10. Be3 Qf6 11. Nbd2 Bb4 12. c3 Ba5 13. Rg1 h5 14. Qa4 Bb6
15. Bxb6 cxb6 16. Nh2 Be6 17. Ndf3 Qf4 18. Rxg7 O-O-O 19. Qc2 Bg4 20. Qd2 f5
21. Qxf4 exf4 22. O-O-O Rhe8 23. e5 c5 24. d4 cxd4 25. cxd4 Rd7 26. Rxd7 Kxd7
27. Rd2 Rd8 28. Ng5 h4 29. d5 Rc8+ 30. Rc2 Rc5 31. Rxc5 bxc5 32. Ne6 b6 33.
Nxf4 b5 34. f3 a5 35. fxg4 fxg4 36. Nxg4 c4 37. Nf6+ Kd8 38. d6 1-0

[Event "FSV-ch 2013"]
[Site "Dortmund"]
[Date "2013.05.23"]
[Round "7.5"]
[White "Khess, Roman"]
[Black "Guddat, Jörn"]
[Result "1/2-1/2"]
[WhiteElo "1617"]
[BlackElo "1770"]
[PlyCount "71"]
[EventDate "2013.??.??"]

1. c4 e6 2. g3 d5 3. cxd5 exd5 4. Bg2 c5 5. Nf3 Nc6 6. O-O Nf6 7. d4 Be7 8. Nc3
O-O 9. dxc5 Bxc5 10. Bg5 d4 11. Ne4 Be7 12. Nxf6+ Bxf6 13. Qd2 Bf5 14. Rad1 Re8
15. b4 a6 16. a4 Be4 17. Bxf6 Qxf6 18. b5 axb5 19. axb5 Na5 20. Qxd4 Qxd4 21.
Nxd4 Nc4 22. Ra1 Nd6 23. Rfc1 Rxa1 24. Rxa1 g6 25. Rc1 Bxg2 26. Kxg2 Re5 27.
Rb1 b6 28. e3 f5 29. Kf1 Rc5 30. Ke2 Kf7 31. f3 Kf6 32. Kd3 Ke5 33. Kd2 Nc4+
34. Kd3 Nd6 35. Kd2 Nc4+ 36. Kd3 1/2-1/2

[Event "FSV-ch 2013"]
[Site "Dortmund"]
[Date "2013.05.23"]
[Round "7.6"]
[White "Ropers, Klaus"]
[Black "Boeck, Matthias"]
[Result "1-0"]
[WhiteElo "1728"]
[BlackElo "1642"]
[PlyCount "75"]
[EventDate "2013.??.??"]

1. d4 f5 2. g3 Nf6 3. Bg2 g6 4. Nf3 Bg7 5. b3 O-O 6. Bb2 d6 7. O-O c6 8. Nbd2
h6 9. c4 g5 10. Qc2 d5 11. e3 Nh7 12. Rac1 e6 13. Ne5 Nd7 14. Ndf3 Bf6 15. Nxd7
Bxd7 16. Ne5 Bxe5 17. dxe5 Qe8 18. f4 g4 19. Kf2 h5 20. Qe2 Rf7 21. Rh1 Qe7 22.
h3 a6 23. hxg4 hxg4 24. a4 b5 25. axb5 axb5 26. Ra1 Rb8 27. Ba3 Qd8 28. Bd6 Ra8
29. cxd5 cxd5 30. Qb2 Bc6 31. Qd4 Qc8 32. Rhc1 Rxa1 33. Rxa1 Rb7 34. b4 Nf8 35.
Rc1 Qd7 36. Qc5 Ra7 37. Qxc6 Ra2+ 38. Kg1 1-0

[Event "FSV-ch 2013"]
[Site "Dortmund"]
[Date "2013.06.31"]
[Round "7.7"]
[White "Schlepütz, Volker"]
[Black "Grube, Jörg"]
[Result "0-1"]
[WhiteElo "1598"]
[BlackElo "1801"]
[PlyCount "82"]
[EventDate "2013.??.??"]

1. Nf3 d6 2. d4 g6 3. c4 Bg7 4. Nc3 c6 5. e4 Nd7 6. Be3 e6 7. Be2 Ne7 8. Qd2 h6
9. O-O a6 10. a4 b6 11. Rfd1 Bb7 12. b4 g5 13. Ne1 Ng6 14. Nd3 O-O 15. Bh5 c5
16. bxc5 bxc5 17. d5 exd5 18. exd5 Qf6 19. Ne4 Qe7 20. Rab1 Qxe4 21. Rxb7 Nge5
22. Nxe5 Nxe5 23. Be2 Nxc4 24. Bxc4 Qxc4 25. Qa5 Be5 26. Re7 Rae8 27. Ra7 Ra8
28. Re7 Rfe8 29. Rb7 Qh4 30. g3 Qc4 31. Qc7 Rf8 32. Qa5 Rae8 33. Ra7 Ra8 34.
Re7 Rfe8 35. Rb7 Qc2 36. Rdb1 Qd3 37. Qc7 Rf8 38. Bxc5 Rac8 39. Qe7 Rxc5 40.
Rb8 Rcc8 41. Rxc8 Rxc8 (41... Qxb1+ $1) 0-1

[Event "FSV-ch 2013"]
[Site "Dortmund"]
[Date "2013.05.23"]
[Round "7.8"]
[White "Nagel, Frank"]
[Black "Bommert, Christian"]
[Result "1/2-1/2"]
[WhiteElo "1623"]
[BlackElo "1752"]
[PlyCount "75"]
[EventDate "2013.??.??"]

1. d4 f5 2. Bg5 g6 3. e3 Bg7 4. Nf3 Nf6 5. Bd3 d6 6. O-O O-O 7. Nbd2 Qe8 8. c3
e5 9. Bc4+ Kh8 10. Bxf6 Bxf6 11. e4 f4 12. h3 b5 13. Bb3 Bd7 14. a4 c6 15. axb5
cxb5 16. Bd5 Nc6 17. dxe5 dxe5 18. Ra6 Qc8 19. Bxc6 Bxc6 20. Qa1 Qb7 21. Re1
Rf7 22. Nb3 b4 23. Nc5 Qb5 24. cxb4 Bb7 25. Nxb7 Qxb7 26. Qa2 Kg7 27. Qa5 Re7
28. b5 Rb8 29. b4 Qxb5 30. Rxa7 Rxa7 31. Qxa7+ Rb7 32. Qc5 Qxb4 33. Qd5 Qb2 34.
Rd1 Ra7 {(=)} 35. Qc5 Ra1 36. Rxa1 Qxa1+ 37. Kh2 Qb2 38. Kg1 {(=)} 1/2-1/2

[Event "FSV-ch 2013"]
[Site "Dortmund"]
[Date "2013.05.23"]
[Round "7.9"]
[White "Schulz-Runge, Michael"]
[Black "Gerke, Dieter"]
[Result "1-0"]
[WhiteElo "1734"]
[BlackElo "1478"]
[PlyCount "51"]
[EventDate "2013.??.??"]

1. e4 c5 2. Bc4 e6 3. Nc3 Nc6 4. f4 a6 5. a4 g6 6. Nf3 Bg7 7. O-O Na5 8. Ba2
Ne7 9. Kh1 O-O 10. d4 cxd4 11. Nxd4 Nac6 12. Be3 d6 13. Nce2 Qc7 14. c3 Bd7 15.
Ng3 Rac8 16. f5 exf5 17. exf5 Bxd4 18. cxd4 Nb4 19. Rc1 Qa5 20. Rxc8 Rxc8 21.
fxg6 Nxg6 22. Bxf7+ Kh8 23. Qf3 Qd8 24. Qh5 Be8 25. Bg5 Bxf7 26. Bxd8 1-0

[Event "FSV-ch 2013"]
[Site "Dortmund"]
[Date "2013.05.23"]
[Round "7.10"]
[White "Benke, Werner"]
[Black "Dite, Alexander"]
[Result "0-1"]
[WhiteElo "1486"]
[BlackElo "1695"]
[PlyCount "124"]
[EventDate "2013.??.??"]

1. d4 Nf6 2. Nf3 e6 3. c4 d5 4. Nc3 Be7 5. Bg5 h6 6. Bh4 O-O 7. e3 Ne4 8. Bxe7
Qxe7 9. Rc1 c6 10. Bd3 Nxc3 11. Rxc3 dxc4 12. Rxc4 Nd7 13. O-O e5 14. dxe5 Nxe5
15. Nxe5 Qxe5 16. b3 Be6 17. Rc1 Rad8 18. Qc2 Qg5 19. Kh1 Rd6 20. Be4 Rfd8 21.
Rfd1 Bd5 22. Bxd5 Rxd5 23. Rxd5 Qxd5 24. h3 Qa5 25. Rd1 Rxd1+ 26. Qxd1 Qxa2 27.
Qd8+ Kh7 28. Qd3+ g6 29. f3 Qa1+ 30. Kh2 Qe5+ 31. f4 Qd5 32. Qc3 a5 33. Kg3 h5
34. h4 b6 35. Kf2 f5 36. Qf6 Qd7 37. Ke2 b5 38. Qc3 Qd5 39. Kf2 b4 40. Qf6 Qd7
41. Qe5 Qd8 42. Qc5 Qxh4+ 43. Kf3 Qf6 44. Qa7+ Kh6 45. Qxa5 Qd6 46. Qa8 Kg7 47.
Qb7+ Kf6 48. Qa7 Qd1+ 49. Kf2 Qxb3 50. Qa1+ Ke7 51. Qg7+ Qf7 52. Qh8 b3 53. Qd4
Qd5 54. Qg7+ Kd6 55. Qf8+ Kc7 56. Qe7+ Kb6 57. Qb4+ Qb5 58. Qd4+ Ka6 59. Qb2
Qc4 60. Qa3+ Kb5 61. Qe7 Qc2+ 62. Kf3 Qe4+ 0-1

[Event "FSV-ch 2013"]
[Site "Dortmund"]
[Date "2013.05.23"]
[Round "7.11"]
[White "Büdel, Jürgen"]
[Black "Gennat, Egon L"]
[Result "1/2-1/2"]
[WhiteElo "1606"]
[BlackElo "1430"]
[PlyCount "114"]
[EventDate "2013.??.??"]

1. d4 d5 2. c4 e6 3. Nc3 Nf6 4. Nf3 Be7 5. e3 O-O 6. Bd3 b6 7. O-O Bb7 8. Ne5
Nbd7 9. f4 Ne4 10. Qh5 Ndf6 11. Qh3 Nxc3 12. bxc3 Ne4 13. f5 exf5 14. Qxf5 g6
15. Qf3 f5 16. cxd5 Nxc3 17. Nc6 Bxc6 18. dxc6 Qd5 19. Bd2 Qxf3 20. gxf3 Bb4
21. Kh1 a6 22. Bc4+ Kg7 23. a3 Ba5 24. Rf2 Nb5 25. Bxa5 bxa5 26. a4 Nd6 27. Bd3
Rfb8 28. Ra3 Rb4 29. Kg2 Nc4 30. Bxc4 Rxc4 31. d5 Rb8 {(=)} 32. Rd2 Rb6 33. Re2
Kf7 34. e4 Rd4 35. h4 fxe4 36. fxe4 Rbb4 37. Rf3+ Ke7 38. Ref2 Kd6 39. Rf6+ Kc5
40. Rc2+ Kb6 41. d6 Rxe4 42. Rf7 Rec4 43. Rd2 $4 $19 (43. Rxc4 $1 Rxc4 44. d7
Rd4 45. Rf8 $18) 43... cxd6 44. Rxd6 Rxc6 45. Rxc6+ Kxc6 46. Rxh7 g5 $2 (46...
Rxa4) 47. h5 Rh4 48. h6 Kc5 49. Rh8 Kb4 50. h7 Kxa4 51. Kg3 Ka3 52. Kg2 a4 53.
Kg3 Ka2 54. Kf3 Ka3 (54... a3 55. Ke3 (55. Kg3 Ka1 56. Kf3 a2 57. Kg3 Kb2 58.
Rb8+ Ka3 $19) 55... Ka1 56. Kd3 a2 57. Kc2 Rh2+ 58. Kc1 g4 $19) 55. Kg3 Ka2 56.
Kg2 Ka3 57. Kg3 Ka2 1/2-1/2

[Event "FSV-ch 2013"]
[Site "Dortmund"]
[Date "2013.05.23"]
[Round "7.12"]
[White "Tautz, Eugen"]
[Black "Dieckmann, Rudolf"]
[Result "0-1"]
[WhiteElo "1450"]
[BlackElo "1601"]
[PlyCount "74"]
[EventDate "2013.??.??"]

1. c4 Nf6 2. Nc3 d5 3. cxd5 Nxd5 4. Nxd5 Qxd5 5. e3 e5 6. Ne2 Nc6 7. Nc3 Qd8 8.
g3 Be7 9. a3 O-O 10. Qc2 Na5 11. b4 Nc6 12. Bg2 a5 13. b5 Nb8 14. O-O c6 15.
bxc6 bxc6 16. Bb2 Ra6 17. Na4 Qd6 18. Rac1 Rd8 19. Rcd1 Bg4 20. f3 Be6 21. d4
exd4 22. Rxd4 Qc7 23. Rxd8+ Qxd8 24. Rd1 Qc7 25. Qd3 c5 26. f4 f6 27. Bd5 Bxd5
28. Qxd5+ Kf8 29. Qc4 Rd6 30. Rxd6 Qxd6 31. Qe2 Qc6 32. Nc3 c4 33. Qd1 Nd7 34.
Kf2 Nc5 35. Kf1 Qh1+ 36. Ke2 Qg2+ 37. Ke1 Nd3+ 0-1

[Event "FSV-ch 2013"]
[Site "Dortmund"]
[Date "2013.05.23"]
[Round "7.13"]
[White "Yangibayev, Rustam"]
[Black "Reinacher, Detlev"]
[Result "1/2-1/2"]
[WhiteElo "1468"]
[BlackElo "1542"]
[PlyCount "44"]
[EventDate "2013.??.??"]

1. d4 Nf6 2. c4 d6 3. Nc3 g6 4. Bg5 Bg7 5. Nf3 O-O 6. e4 Nbd7 7. Be2 c6 8. Qd2
Qc7 9. Bh6 a6 10. Bxg7 Kxg7 11. O-O e5 12. d5 c5 13. Nh4 h6 14. f4 Ng8 15. Rf3
exf4 16. Qxf4 Ne5 17. Rg3 Kh7 18. Qf2 f5 19. exf5 Bxf5 20. Qe3 Qe7 21. Nxf5
Rxf5 22. Rf1 Rxf1+ 1/2-1/2

[Event "FSV-ch 2013"]
[Site "Dortmund"]
[Date "2013.05.23"]
[Round "7.14"]
[White "Vogt, Christian"]
[Black "Nettbohl, Werner"]
[Result "1/2-1/2"]
[WhiteElo "1540"]
[BlackElo "1516"]
[PlyCount "40"]
[EventDate "2013.??.??"]

1. d4 d5 2. c4 e6 3. Nc3 Nf6 4. cxd5 exd5 5. Bg5 Be7 6. e3 c6 7. Bd3 h6 8. Bh4
Be6 9. Nge2 Qc8 10. Qc2 Nbd7 11. O-O O-O 12. Rfc1 Re8 13. Na4 Qd8 14. Nc5 Nxc5
15. dxc5 Nd7 16. Bxe7 Qxe7 17. Nd4 Ne5 18. Bf5 Qf6 19. b3 g6 20. Nxe6 d4 {(=)}
1/2-1/2

[Event "FSV-ch 2013"]
[Site "Dortmund"]
[Date "2013.05.23"]
[Round "7.15"]
[White "Rzoczek, Christoph"]
[Black "Wangrin, Stefan A"]
[Result "1-0"]
[WhiteElo "1553"]
[BlackElo "1172"]
[PlyCount "59"]
[EventDate "2013.??.??"]

1. f4 d5 2. Nf3 c5 3. g3 Nc6 4. Bg2 Nf6 5. O-O e6 6. d3 Qb6 7. c3 c4+ 8. d4 Be7
9. Ne5 Bd7 10. Nd2 O-O 11. Ndf3 Bd6 12. Qc2 Bxe5 13. fxe5 Ne4 14. Kh1 f5 15.
Ng5 Nxg5 16. Bxg5 Rf7 17. g4 Raf8 18. gxf5 Rxf5 19. Rxf5 Rxf5 20. Qd2 a5 21. e4
Rxg5 22. Qxg5 Qxb2 23. Rc1 $2 {Ein aeusserst bescheidener Zug!} ({
Nach dem konsequenten} 23. Rf1 $1 {
fiele die schwarze Stellung noch deutlich schneller auseinander, z.B.} 23...
Qa3 (23... Qxc3 24. Qf4 h6 25. exd5 Qxd4 26. Be4 $1) 24. exd5 Qe7 (24... exd5
25. Bxd5+ Kh8 26. Rf7 {usw.}) 25. Qe3 Nd8 26. dxe6) 23... Qa3 24. exd5 Ne7 25.
d6 Ng6 26. Qd8+ Nf8 27. Rf1 h5 28. Be4 g6 29. Qxf8+ Kh7 30. Rf7# 1-0

[Event "FSV-ch 2013"]
[Site "Dortmund"]
[Date "2013.05.23"]
[Round "7.16"]
[White "Link, Werner"]
[Black "Böckmann, Lieselotte"]
[Result "1-0"]
[WhiteElo "1402"]
[BlackElo "998"]
[PlyCount "93"]
[EventDate "2013.??.??"]

1. d4 e6 2. c4 d5 3. cxd5 exd5 4. Nf3 h6 5. Nc3 Nf6 6. e3 (6. Bf4 Nh5 7. Be5)
6... Bd6 7. Bd3 O-O 8. O-O Nc6 9. Bd2 Ne7 10. Rc1 c5 11. dxc5 Bxc5 12. Nb5 b6
13. a3 (13. b4 $1) 13... a6 14. Nbd4 g6 15. b4 Bxd4 (15... Bd6) 16. Nxd4 ({
Noch besser war} 16. exd4 $1) 16... Qd6 17. Qf3 Bg4 18. Qg3 Qxg3 19. hxg3 Nh7 (
19... Ne4 $1) 20. Rc7 Nc8 (20... Rfe8) 21. Rfc1 (21. f3 $1 Be6 22. Bxg6 $1)
21... Nd6 22. f3 (22. Nc6) 22... Bf5 23. Nxf5 gxf5 24. R7c6 (24. R1c6 Nc4 25.
Bxc4 dxc4 26. Rxc4 (26. Rxb6) 26... Rad8 27. Bc3 Rd1+ 28. Kh2 Rd3) 24... Nc4
25. Bxc4 dxc4 26. R1xc4 Rad8 27. Bc3 Rd1+ 28. Kh2 Rd3 29. Rxb6 Rxe3 30. Rxa6
Ng5 31. Rxh6 Rxc3 32. Rxc3 Kg7 33. Rcc6 Ne6 34. Rh4 Ra8 35. Rc3 Kg6 36. Kg1 Rd8
37. g4 f4 38. Kf1 Rd1+ 39. Ke2 Rd6 40. Rh8 Nd4+ 41. Kf2 Re6 42. Rd8 Ne2 43. Rc4
Ng3 44. Rxf4 Nh1+ 45. Kg1 Re1+ 46. Kh2 Kg5 47. Rf5+ 1-0

[Event "FSV-ch 2013"]
[Site "Dortmund"]
[Date "2013.05.23"]
[Round "7.17"]
[White "Dirks, Rainer"]
[Black "Wickenfeld, Udo"]
[Result "0-1"]
[WhiteElo "1148"]
[BlackElo "1348"]
[PlyCount "106"]
[EventDate "2013.??.??"]

1. e4 c5 2. Bc4 e6 3. Nf3 Nc6 4. a3 a6 5. O-O Qc7 6. d3 b5 7. Ba2 Bb7 8. g3 Nf6
9. Bf4 Qb6 10. Re1 Be7 11. Be3 Ng4 12. Bd2 c4 13. Be3 Nxe3 14. fxe3 cxd3 (14...
d5 15. exd5 exd5) 15. Qxd3 (15. cxd3) 15... Rd8 16. Bb3 O-O (16... d6 17. Nbd2
Ne5 18. Nxe5 dxe5) 17. Nbd2 Bf6 18. c3 Ne5 19. Nxe5 Bxe5 20. Nf3 Bf6 21. e5 Be7
22. Bc2 g6 23. Nd4 Bd5 24. Bb3 Qb7 (24... Bxb3 25. Nxb3 d6 26. Qd4 Qc7 27. exd6
Rxd6) 25. Bxd5 Qxd5 26. a4 Qxe5 27. axb5 axb5 28. Qxb5 Qe4 (28... Qxb5 29. Nxb5
Rb8 30. c4 d5 31. b3 dxc4 32. bxc4) 29. Qe2 Ra8 30. Rab1 Qe5 {(=)} 31. b4 Qd5 (
31... Rfb8) 32. c4 Qe4 33. Qc2 Qb7 (33... Qxc2 34. Nxc2 Rfc8 35. c5 d6 36. cxd6
Bxd6 37. Nd4) 34. b5 Bc5 35. Qg2 Qc7 (35... Qb6) 36. Rec1 Ra3 37. Qd2 Qe5 38.
Rc3 Rxc3 (38... Rfa8) 39. Qxc3 Qe4 (39... Ra8) 40. Qc2 $4 Qb7 $4 (40... Qxe3+ {
und Weiss duerfte auf der Stelle aufgeben}) 41. Qg2 Qb6 42. Qd2 e5 (42... Ra8)
43. Nc2 d6 44. Kf2 Ra8 45. Qd5 Ra2 46. Qd2 $4 Bxe3+ $1 47. Qxe3 Rxc2+ 48. Kf3
Qb7+ 49. Kg4 Rxc4+ (49... h5+ 50. Kg5 Kg7 $1) 50. Kh3 Qd7+ 51. Kg2 Rc2+ 52. Kg1
Qh3 53. Qe4 Qxh2+ 0-1

[Event "FSV-ch 2013"]
[Site "Dortmund"]
[Date "2013.05.23"]
[Round "7.18"]
[White "Jentzsch, Werner Wilfried"]
[Black "Winkler, Harald"]
[Result "1-0"]
[WhiteElo "1387"]
[BlackElo "1335"]
[PlyCount "49"]
[EventDate "2013.??.??"]

1. d4 d5 2. Nc3 Nf6 3. Bf4 a6 4. f3 e6 5. e4 dxe4 6. fxe4 Bb4 7. e5 Ne4 8. Nge2
Nc6 9. Qd3 Qd5 10. O-O-O Nxc3 11. Nxc3 Qd8 12. g4 Be7 13. Bg2 Na7 14. h3 Bg5
15. Rhf1 c6 16. Ne4 Bxf4+ 17. Rxf4 O-O 18. Rdf1 Nb5 19. c3 Ra7 20. Nf6+ $5 ({
Mit dem schematischen Angriffszug} 20. g5 {- wonach Sf6+ mit noch groesserer
Macht droht - waere Weiss natuerlich auch zum Erfolg gekommen, z.B.} 20... f6
21. gxf6 b6 22. a4 {mit Springergewinn, da} 22... Nc7 {
den Turm a7 verstellt und an} 23. Ng5 g6 24. Nxh7 {usw. schweitert.}) 20...
gxf6 21. Rxf6 b6 (21... c5 22. Be4) 22. Be4 Kg7 23. Bxh7 Rh8 24. Rxf7+ Rxf7 25.
Qg6+ 1-0

[Event "FSV-ch 2013"]
[Site "Dortmund"]
[Date "2013.05.23"]
[Round "7.19"]
[White "Koch, Detlev"]
[Black "Pauli, Helmut"]
[Result "1/2-1/2"]
[WhiteElo "1348"]
[BlackElo "1191"]
[PlyCount "58"]
[EventDate "2013.??.??"]

1. Nf3 d6 2. d4 g6 3. g3 Nc6 4. Bg2 Bd7 5. c3 Bg7 6. d5 Ne5 7. Nbd2 Nxf3+ 8.
Nxf3 Nf6 9. Nd2 O-O 10. O-O e5 11. e4 Bb5 12. c4 Bd7 13. f3 c5 14. Nb3 Ba4 15.
Be3 Nd7 16. Qc1 f5 17. Bh6 Bxh6 18. Qxh6 Bxb3 19. axb3 a5 20. Qd2 b6 21. Ra2 f4
22. g4 Qh4 23. Qf2 Qxf2+ 24. Kxf2 g5 25. Rfa1 Kf7 26. h3 Kg6 27. Rh1 Rh8 28. h4
h6 29. h5+ Kf6 1/2-1/2

[Event "FSV-ch 2013"]
[Site "Dortmund"]
[Date "2013.05.27"]
[Round "7.20"]
[White "Schlettig, Hans-Joachim"]
[Black "Herrmann, Rudolf"]
[Result "0-1"]
[WhiteElo "1194"]
[BlackElo "1313"]
[PlyCount "92"]
[EventDate "2013.??.??"]

1. e4 d5 2. exd5 Qxd5 3. Nc3 Qa5 4. d3 Nf6 5. Bd2 c6 6. Ne4 Qc7 7. Nf3 Bf5 8.
Ng3 Bg6 9. c3 Nbd7 10. d4 e6 11. Bg5 h6 12. Bh4 Be7 13. Bc4 Nb6 14. Bb3 Nfd5
15. O-O Bxh4 16. Nxh4 Bh7 17. Re1 O-O-O 18. Nf3 Bf5 19. Qd2 Qf4 20. c4 Qxd2 21.
Nxd2 Nb4 22. Nxf5 exf5 23. Nf3 Rhe8 24. Rxe8 Rxe8 25. Re1 Kd8 26. Rd1 f6 27. h3
Re2 28. Nh4 Rxb2 29. Nxf5 Nxa2 30. Bxa2 Rxa2 31. c5 Nd5 32. Nxg7 Re2 33. Kf1
Re4 34. Nf5 h5 35. Ng3 Rh4 36. Nf5 Rf4 37. Ng3 Ne3+ 38. Ke2 Nxd1 39. Kxd1 Rxd4+
40. Ke2 Rd5 41. Ne4 Re5 42. Kd3 Ke7 43. Kd4 b6 44. f3 b5 45. Nd6 Rd5+ 46. Ke4
Rxd6 0-1

[Event "FSV-ch 2013"]
[Site "Dortmund"]
[Date "2013.05.23"]
[Round "7.21"]
[White "Rabe, Mark"]
[Black "Schmidt, Andreas N"]
[Result "1-0"]
[WhiteElo "1088"]
[BlackElo "919"]
[PlyCount "69"]
[EventDate "2013.??.??"]

1. c4 e5 2. Nc3 Nf6 3. d4 exd4 4. Qxd4 Nc6 5. Qe3+ Be7 6. Qg3 Nh5 7. Qg4 g6 8.
e3 d5 9. Qd1 d4 10. Nd5 Bc5 11. Be2 Ng7 12. b3 Bf5 13. Bd3 Qg5 14. g3 dxe3 15.
Nxe3 Bb4+ 16. Kf1 O-O-O 17. Nd5 Bxd3+ 18. Qxd3 Qe5 19. Rb1 Qe1+ 20. Kg2 Bc5 21.
Be3 Ne5 22. Qe4 Qa5 23. Qxe5 Nf5 24. Bf4 Nd6 25. Nf3 Qxa2 26. Rb2 Qa6 27. Ne7+
Kb8 28. Qxc5 Rd7 29. Re1 Rhd8 30. Rbb1 f5 31. Nd5 b6 32. Qc6 Qa2 33. Nxc7 Rxc7
34. Bxd6 Rxd6 35. Re8+ 1-0

[Event "FSV-ch 2013"]
[Site "Dortmund"]
[Date "2013.05.23"]
[Round "7.22"]
[White "Reker, Gerhard"]
[Black "Heinz, Hans-Werner"]
[Result "0-1"]
[WhiteElo "914"]
[BlackElo "1159"]
[PlyCount "70"]
[EventDate "2013.??.??"]

1. e4 e5 2. Nf3 d6 3. Bb5+ c6 4. Bc4 Be7 5. O-O h6 6. Nc3 Nf6 7. d3 O-O 8. d4
Nbd7 9. dxe5 dxe5 10. b3 Nh7 11. Bb2 Bf6 12. Na4 b5 13. Qd6 bxc4 14. Qxc6 Rb8
15. Qxc4 Re8 16. Rad1 Qe7 17. Qc7 Rb7 18. Qc6 Nb8 19. Qc4 Be6 20. Qc3 Rc7 21.
Qd3 Nc6 22. c4 Rd8 23. Qe3 Rxd1 24. Rxd1 Rd7 25. Re1 Bg4 26. h3 Bxf3 27. Qxf3
Nd4 28. Qg4 Ng5 29. f3 Nge6 30. Nc3 Nf4 31. Nd5 Nxd5 32. exd5 Qd8 33. Bxd4 exd4
34. Rd1 Re7 35. a4 a5 0-1

[Event "FSV-ch 2013"]
[Site "Dortmund"]
[Date "2013.06.06"]
[Round "8.1"]
[White "Lauche, Christoph"]
[Black "Begna, Bozidar"]
[Result "1-0"]
[WhiteElo "1896"]
[BlackElo "1933"]
[PlyCount "99"]
[EventDate "2013.??.??"]

1. e4 c6 2. Ne2 d5 3. e5 c5 4. b4 cxb4 5. d4 Nc6 6. a3 Qa5 7. Nd2 e6 8. Nb3 Qb6
9. axb4 Bxb4+ 10. c3 Be7 11. Ng3 Bd7 12. Bd3 Rc8 13. O-O f5 14. exf6 Nxf6 15.
Be3 O-O 16. Nd2 Na5 17. Rb1 Qc7 18. Nf3 Nc4 19. Ne5 Nd6 20. f3 Be8 21. Ne2 Nc4
22. Nxc4 dxc4 23. Bc2 Nd5 24. Bd2 Bd6 25. g3 b6 26. Qe1 Bh5 27. g4 Bg6 28. Bxg6
hxg6 29. Ng3 Rce8 30. Ne4 Bf4 31. Bxf4 Qxf4 32. Ra1 a5 33. Ra2 Ra8 34. Re2 Rac8
35. h4 b5 36. Ng5 Nc7 37. Qb1 Rf6 38. Kg2 Nd5 39. Qe1 {(=)} 39... Qd6 40. Nh3
Nf4+ 41. Nxf4 Qxf4 42. Rxe6 Kh7 43. Rxf6 Qxf6 44. h5 Rf8 45. Qe4 Qd6 46. hxg6+
Kg8 47. Rh1 Rf4 48. Qe8+ Rf8 49. Qxb5 Qe6 50. Rh8+ $1 1-0

[Event "FSV-ch 2013"]
[Site "Dortmund"]
[Date "2013.06.06"]
[Round "8.2"]
[White "Zelt, Jens"]
[Black "Khess, Igor"]
[Result "1/2-1/2"]
[WhiteElo "2039"]
[BlackElo "1837"]
[PlyCount "105"]
[EventDate "2013.??.??"]

1. d4 d5 2. Nf3 Nf6 3. Bf4 e6 4. c3 Bd6 5. Bg3 O-O 6. Nbd2 Nc6 7. Qc2 Qe7 8.
Ne5 Bd7 9. e3 Ne8 10. Bd3 f5 11. O-O Nf6 12. Nxc6 Bxc6 13. Bxd6 cxd6 14. f3 g6
15. Rae1 Qd7 16. e4 dxe4 17. fxe4 fxe4 18. Nxe4 Nxe4 19. Bxe4 Bxe4 20. Qxe4
Rxf1+ 21. Rxf1 Rf8 22. Rxf8+ Kxf8 23. h3 Kg7 {(=)} 24. a4 a6 25. a5 Qe7 26. b4
Qd7 27. Qe2 Qe8 28. Qe4 Qd7 29. Kf2 Qc8 30. Qe3 Qf8+ 31. Ke2 Qc8 32. Kd2 Qd7
33. Kc2 Qa4+ 34. Kb2 Qd7 35. Qe4 Qf7 36. g4 Kf8 37. Qe3 Ke8 38. h4 Kd8 39. Qe2
Qd7 40. h5 gxh5 41. gxh5 Kc8 42. h6 Kb8 43. Qg4 Qf7 44. Qg3 Qf8 45. Qe3 Qf7 46.
Qg3 Qf8 47. Qh2 Ka7 48. Qc2 Qxh6 49. Qf2 d5 50. Qf7 Qd2+ 51. Kb3 Qd1+ 52. Kb2
Qd2+ 53. Kb3 1/2-1/2

[Event "FSV-ch 2013"]
[Site "Dortmund"]
[Date "2013.06.06"]
[Round "8.3"]
[White "Ropers, Klaus"]
[Black "Schulz-Runge, Michael"]
[Result "1-0"]
[WhiteElo "1728"]
[BlackElo "1734"]
[PlyCount "105"]
[EventDate "2013.??.??"]

1. d4 Nc6 2. Nf3 d5 3. c4 e6 4. e3 Nf6 5. b3 Bb4+ 6. Bd2 a5 7. a3 Be7 8. Bd3
Ne4 9. Qc2 f5 10. O-O O-O 11. Bc3 b6 12. Nbd2 Bb7 13. Bb2 Kh8 14. Rac1 Rc8 15.
Rfd1 Rf7 16. Ne5 Nxe5 17. dxe5 c6 18. Nxe4 fxe4 19. Bxe4 Qg8 20. Bf3 Qf8 21.
Bg4 Rf5 22. Bxf5 exf5 23. Qc3 h6 24. Qd3 Rd8 25. cxd5 Rxd5 26. Qb1 Rb5 27. Rc3
Qc8 28. Rcd3 Rd5 29. Qc2 Qd7 30. Rxd5 cxd5 31. Qc3 Bf8 32. Rc1 Bc5 33. b4 axb4
34. axb4 d4 35. exd4 Qd5 36. f3 Bf8 37. Qc4 Qd8 38. Rd1 Bd5 39. Qc3 b5 40. Rc1
Bc4 41. Ra1 Be7 42. Ra7 Kh7 43. Qc2 Qf8 44. Bc3 Kg8 45. Qd2 Qd8 46. d5 Bg5 47.
f4 Qb8 48. Bd4 Bd8 49. d6 Bb6 50. Bxb6 Qxb6+ 51. Qf2 Qc6 52. Qd4 Be6 53. Rc7
1-0